| 000 | 00000nam 2200000za 4500 |
| 001 | 9.582464 |
| 003 | CaOODSP |
| 005 | 20210624192050 |
| 007 | cr ||||||||||| |
| 008 | 150406s2001 xxc|||||o f|0| 0 fre d |
| 020 | |a0-662-66078-1 |
| 040 | |aCaOODSP|bfre |
| 041 | |aeng |
| 041 | |afre |
| 043 | |an-cn--- |
| 086 | 1 |aS52-2/247-2001-PDF |
| 110 | 1 |aCanada.|bTravaux publics et Services gouvernementaux Canada.|bBureau de la traduction. |
| 245 | 10|aLexique des personnes handicapées |h[ressource électronique]. |
| 260 | |aOttawa : |bTravaux publics et Services gouvernementaux Canada, |c2001. |
| 300 | |a500 p. |
| 490 | 1 |aBulletin de terminologie ; |vN° 247 |
| 500 | |a«Outre la terminologie à caractère sociologique, l'utilisateur trouvera dans ce lexique de quelque 1 800 entrées des noms de programmes, d'associations et d'organismes ainsi que des termes de domaines connexes, dont les aides techniques et la réadaptation.» -- Introd. |
| 504 | |aBibliographie. |
| 590 | |a07-04-Supp|b2007-06-29 |
| 691 | 07|aTerminologie|2gcpds |
| 691 | 07|aPersonne handicapée|2gcpds |
| 791 | |tGlossary of terms pertaining to disabled persons |eeng|w(CaOODSP)9.582463 |
| 830 | #0|aBulletin de terminologie ;|vN° 247|w(CaOODSP)9.500140 |
| 856 | 40|ahttp://publications.gc.ca|qPDF|s3.36 Mo|uhttps://publications.gc.ca/collections/Collection/S52-2-247.pdf|yN° 247 |